[Event "Pohar mesta Ricany 2010 - cena Klidneho mesta"]
[Site "http://www.openricany.cz"]
[Date "2010.08.21"]
[Round "1.13"]
[White "Sedy, Pavel"]
[Black "Sochorova, Jana"]
[Result "1-0"]
[WhiteElo "2156"]
[BlackElo "1919"]

1. e4 c6 2. d4 d5 3. Nc3 dxe4 4. Nxe4 Bf5 5. Nc5 Qc7 6. Bd3 Bg6 7. Nf3 e6
8. Bxg6 hxg6 9. Qd3 Bxc5 10. dxc5 Nd7 11. Be3 O-O-O 12. Qa3 Kb8 13. O-O-O Ngf6
14. Rd4 Nd5 15. Ra4 a6 16. Bd2 Nxc5 17. Qxc5 Qb6 18. Qxb6 Nxb6 19. Rd4 Rxd4
20. Nxd4 Rd8 21. Ba5 Rxd4 22. Bxb6 1-0

[Event "Pohar mesta Ricany 2010 - cena Klidneho mesta"]
[Site "http://www.openricany.cz"]
[Date "2010.08.21"]
[Round "1.7"]
[White "Mejzlik, Ondrej"]
[Black "Feierfeil, Jiri"]
[Result "1-0"]
[WhiteElo "2225"]
[BlackElo "1932"]

1. c4 c5 2. Nc3 Nc6 3. g3 g6 4. Bg2 Bg7 5. d3 Nf6 6. e4 O-O 7. Nge2 e5 8. O-O
d6 9. f4 a6 10. h3 Bd7 11. f5 Nd4 12. g4 gxf5 13. exf5 h6 14. Ng3 Qc8 15. Nce4
Nxe4 16. Nxe4 f6 17. Nxd6 Qc7 18. Ne4 Rab8 19. Be3 b5 20. Qd2 Kh7 21. Rac1 b4
22. Bxd4 exd4 23. Qf4 Qxf4 24. Rxf4 Rbc8 25. Nd6 Rc7 26. Re1 Bc8 27. Rfe4 Rd8
28. Ne8 Ra7 29. Re7 Rdd7 30. Nxf6+ 1-0

[Event "Pohar mesta Ricany 2010 - cena Klidneho mesta"]
[Site "http://www.openricany.cz"]
[Date "2010.08.21"]
[Round "1.1"]
[White "Kulhanek, Tomas"]
[Black "Petrun Milan"]
[Result "1-0"]
[WhiteElo "2411"]
[BlackElo "1968"]

1. e4 c5 2. Nc3 Nc6 3. f4 g6 4. Nf3 Bg7 5. Bb5 e6 6. Bxc6 bxc6 7. e5 d5 8. exd6
Nf6 9. d3 Qxd6 10. O-O O-O 11. Ne5 Ba6 12. Qe2 Nd5 13. Ne4 Nxf4 14. Bxf4 Qd4+
15. Kh1 Bxe5 16. Bxe5 Qxe5 17. Nf6+ 1-0

[Event "Pohar mesta Ricany 2010 - cena Klidneho mesta"]
[Site "http://www.openricany.cz"]
[Date "2010.08.21"]
[Round "1.45"]
[White "Haman, Jakub"]
[Black "Soltys Roman"]
[Result "1-0"]
[WhiteElo "1968"]
[BlackElo "1659"]

1. e4 e6 2. d4 d5 3. Nd2 Nf6 4. e5 Nfd7 5. Bd3 c5 6. c3 Nc6 7. Ne2 cxd4 8. cxd4
Be7 9. O-O O-O 10. Nf3 f6 11. Nf4 Nb6 12. exf6 Bxf6 13. Qc2 h6 14. Bh7+ Kf7
15. Ng6 Nxd4 16. Nxd4 Bxd4 17. Nxf8 Kxf8 18. b3 Be5 19. Ba3+ Bd6 20. Bb2 Qc7
21. Qd3 Bxh2+ 22. Kh1 Bd6 23. f4 Qe7 24. g3 Bd7 25. Rae1 Bc6 26. f5 e5 27. f6
Qe6 28. Kh2 Qg4 29. fxg7+ Kxg7 30. Rxe5 1-0

[Event "Pohar mesta Ricany 2010 - cena Klidneho mesta"]
[Site "http://www.openricany.cz"]
[Date "2010.08.21"]
[Round "1.15"]
[White "Pechacek, Stanislav"]
[Black "Lexa, Vaclav"]
[Result "1-0"]
[WhiteElo "2131"]
[BlackElo "1909"]

1. c4 Nf6 2. Nc3 e6 3. e4 d6 4. d4 b6 5. f4 Be7 6. e5 Nfd7 7. Nf3 Bb7 8. Bd3
Nc6 9. a3 dxe5 10. fxe5 Bh4+ 11. Ke2 O-O 12. Bc2 Be7 13. Qd3 g6 14. Bh6 Re8
15. h4 Bf8 16. Bxf8 Nxf8 17. Ne4 Nd7 18. h5 Qe7 19. hxg6 fxg6 20. Nfg5 Ndxe5
21. dxe5 Nxe5 22. Qc3 Bxe4 23. Nxe4 Ng4 24. Raf1 Rad8 25. Rf4 1-0

[Event "Pohar mesta Ricany 2010 - cena Klidneho mesta"]
[Site "http://www.openricany.cz"]
[Date "2010.08.21"]
[Round "1.2"]
[White "Macek, Kamil"]
[Black "Vojta, Tomas"]
[Result "0-1"]
[WhiteElo "1953"]
[BlackElo "2380"]

1. e4 d5 2. exd5 Nf6 3. d4 Bg4 4. f3 Bf5 5. Bb5+ Nbd7 6. c4 e6 7. dxe6 Bxe6
8. d5 Bf5 9. Be3 Bb4+ 10. Nc3 O-O 11. Bxd7 Nxd7 12. Ne2 Ne5 13. O-O Nxc4 14. Qd4
Nxe3 15. Qxe3 Re8 16. Qf4 Bc5+ 17. Kh1 Bd3 18. Qd2 Ba6 19. Ne4 Bb6 20. Rfe1 f5
21. N4g3 Be3 22. Qc2 g6 23. Nc3 Qh4 24. d6 cxd6 0-1

[Event "Pohar mesta Ricany 2010 - cena Klidneho mesta"]
[Site "http://www.openricany.cz"]
[Date "2010.08.21"]
[Round "1.17"]
[White "Hadzala, Daniel"]
[Black "Rydl, Jiri"]
[Result "1-0"]
[WhiteElo "2105"]
[BlackElo "1906"]

1. Nf3 e6 2. g3 d5 3. Bg2 Nf6 4. O-O c5 5. d3 Nc6 6. Nbd2 Be7 7. e4 b6 8. Re1
Qc7 9. e5 Nd7 10. Qe2 Bb7 11. Nf1 O-O-O 12. c3 h6 13. Bd2 g5 14. h3 Rdg8
15. Rab1 h5 16. g4 hxg4 17. hxg4 f5 18. N1h2 Ba6 19. b4 Rxh2 20. Nxh2 Ncxe5
21. b5 Rh8 22. f4 Ng6 23. Qxe6 Nxf4 24. Bxf4 Qxf4 25. Nf1 Bd6 26. Qxd5 Ne5
27. Rxe5 Bxe5 28. bxa6 fxg4 29. Re1 g3 30. Nxg3 Qxg3 31. Qxe5 1-0

[Event "Pohar mesta Ricany 2010 - cena Klidneho mesta"]
[Site "http://www.openricany.cz"]
[Date "2010.08.21"]
[Round "1.24"]
[White "Hrdina, Robin"]
[Black "Janicek, Jindrich"]
[Result "0-1"]
[WhiteElo "1878"]
[BlackElo "2063"]

1. e4 c5 2. Nf3 d6 3. d4 cxd4 4. Nxd4 Nf6 5. Nc3 Nc6 6. Be3 Ng4 7. Be2 Nxe3
8. fxe3 e6 9. O-O Be7 10. Nxc6 bxc6 11. Bd3 Bf6 12. e5 Bxe5 13. Qh5 g6 14. Qh6
f5 15. Rf3 Qe7 16. Raf1 Rb8 17. Na4 Bg7 18. Qh3 e5 19. R3f2 e4 20. Bc4 f4 21. g4
f3 22. Rd1 h5 23. Nc3 Rxb2 24. Nxe4 Qxe4 25. Qxf3 Qxc4 0-1

[Event "Pohar mesta Ricany 2010 - cena Klidneho mesta"]
[Site "http://www.openricany.cz"]
[Date "2010.08.21"]
[Round "1.22"]
[White "Forman, Miloslav"]
[Black "Wassesbaurer, Radek"]
[Result "0-1"]
[WhiteElo "1891"]
[BlackElo "2066"]

1. e4 e5 2. Nf3 d6 3. Nc3 c6 4. d4 Nd7 5. a4 Be7 6. Bc4 Ngf6 7. O-O O-O 8. Qe2
h6 9. h3 Re8 10. dxe5 dxe5 11. Rd1 Qc7 12. Be3 Bf8 13. Nh4 Nc5 14. Qf3 Be6
15. Bxe6 Nxe6 16. Bxh6 Nd4 17. Rxd4 exd4 18. Bf4 Bd6 19. Bg5 Nh7 20. Bd2 dxc3
21. Bxc3 0-1

[Event "Pohar mesta Ricany 2010 - cena Klidneho mesta"]
[Site "http://www.openricany.cz"]
[Date "2010.08.21"]
[Round "1.19"]
[White "Agacinski, Tadeusz"]
[Black "Vorisek, Martin"]
[Result "1/2-1/2"]
[WhiteElo "2063"]
[BlackElo "1899"]

1. e4 e5 2. Nf3 Nc6 3. d4 exd4 4. Nxd4 Nf6 5. Nxc6 bxc6 6. e5 Qe7 7. Qe2 Nd5
8. c4 Nb6 9. b3 g6 10. Bb2 Bg7 11. Nd2 O-O 12. O-O-O a5 13. a4 Re8 14. Re1 Ba6
15. Kc2 Nd5 16. Qe4 1/2-1/2

[Event "Pohar mesta Ricany 2010 - cena Klidneho mesta"]
[Site "http://www.openricany.cz"]
[Date "2010.08.21"]
[Round "1.33"]
[White "Vesecky, Martin"]
[Black "Skalicky, Tomas"]
[Result "1-0"]
[WhiteElo "2026"]
[BlackElo "1809"]

1. e4 e5 2. Nf3 Nc6 3. Bb5 Nf6 4. O-O Nxe4 5. d4 Nd6 6. Bxc6 dxc6 7. dxe5 Nf5
8. Qxd8+ Kxd8 9. Nc3 h6 10. b3 Be6 11. Bb2 b6 12. Ne4 Be7 13. Rad1+ Kc8 14. h3
Nh4 15. Nxh4 Bxh4 16. c4 Rd8 17. f4 Rxd1 18. Rxd1 Kb7 19. g4 g6 20. Kg2 Rd8
21. Rxd8 Bxd8 22. Ng3 Bh4 23. f5 gxf5 24. Nxf5 Bxf5 25. gxf5 Bg5 26. Kf3 Kc8
27. Bd4 h5 28. Be3 Bh4 29. e6 f6 30. Ke4 Kd8 31. Bf4 a6 32. a4 Be1 33. Bh2 Bf2
34. b4 a5 35. b5 Kc8 36. bxc6 Kd8 37. Bxc7+ 1-0

[Event "Pohar mesta Ricany 2010 - cena Klidneho mesta"]
[Site "http://www.openricany.cz"]
[Date "2010.08.21"]
[Round "1.29"]
[White "Boucek, Vlastimil"]
[Black "Minasjan, Garegin"]
[Result "0-1"]
[WhiteElo "2038"]
[BlackElo "1841"]

1. e4 e5 2. d3 Nc6 3. c3 Nf6 4. g3 d5 5. Qe2 d4 6. f3 a6 7. Nh3 h6 8. Nf2 Bc5
9. Bg2 Bd7 10. O-O Nh7 11. c4 Qe7 12. f4 O-O-O 13. a3 a5 14. b4 axb4 15. axb4
Bxb4 16. Ra8+ Nb8 17. Qa2 c6 18. fxe5 g5 19. Bd2 Bxd2 20. Nxd2 Qxe5 21. Nf3 Qc5
22. e5 Bf5 23. Ra5 Qe7 24. Nd2 b6 25. Ra7 Rd7 26. Ra8 Rc7 0-1

[Event "Pohar mesta Ricany 2010 - cena Klidneho mesta"]
[Site "http://www.openricany.cz"]
[Date "2010.08.21"]
[Round "1.28"]
[White "Sargsyan, Karen"]
[Black "Mrna, Vladimir"]
[Result "0-1"]
[WhiteElo "1841"]
[BlackElo "2043"]

1. e4 c5 2. c3 Nf6 3. e5 Nd5 4. d4 cxd4 5. cxd4 Nc6 6. Nf3 d6 7. Be2 g6 8. O-O
Bg7 9. Bc4 Nb6 10. Bb5 O-O 11. Bxc6 bxc6 12. exd6 exd6 13. Nc3 Be6 14. Ng5 Bf5
15. Bf4 a5 16. Rc1 Nc4 17. b3 Nb2 18. Qd2 Nd3 19. Be3 Nxc1 20. Rxc1 Re8 21. h3
Qf6 22. g4 h6 23. gxf5 hxg5 24. fxg6 fxg6 25. Ne2 Qf3 26. Ng3 Re6 27. Bxg5 Rae8
28. Kh2 Re2 29. Nxe2 Rxe2 0-1

[Event "Pohar mesta Ricany 2010 - cena Klidneho mesta"]
[Site "http://www.openricany.cz"]
[Date "2010.08.21"]
[Round "1.16"]
[White "Hadrava, Jaroslav"]
[Black "Drabek, Vojtech"]
[Result "0-1"]
[WhiteElo "1908"]
[BlackElo "2128"]

1. e4 e5 2. Nc3 Nf6 3. f4 d5 4. fxe5 Nxe4 5. Nf3 Bc5 6. Qe2 Nxc3 7. bxc3 O-O
8. d4 Be7 9. Qf2 f6 10. exf6 Bxf6 11. Be3 Qe7 12. Kd2 c5 13. Re1 Qd8 14. Qg3 Nc6
15. Ne5 Nxe5 16. dxe5 Bh4 17. Bxc5 Bxg3 18. hxg3 Bf5 19. Bxf8 Qg5+ 20. Re3 Rxf8
0-1

[Event "Pohar mesta Ricany 2010 - cena Klidneho mesta"]
[Site "http://www.openricany.cz"]
[Date "2010.08.21"]
[Round "1.26"]
[White "Mejzr Jan"]
[Black "Voracek Zenek"]
[Result "0-1"]
[WhiteElo "1863"]
[BlackElo "2056"]¨

1. e4 Nf6 2. e5 Nd5 3. c4 Nb6 4. d4 d6 5. f4 Bf5 6. Nc3 e6 7. Nf3 dxe5 8. fxe5
Bb4 9. Be3 c5 10. dxc5 N6d7 11. Qa4 Nc6 12. O-O-O Bxc3 13. bxc3 Qc7 14. Nd4 Qxe5
15. Nxf5 Qxc3+ 16. Qc2 Qxc2+ 17. Kxc2 exf5 18. Rb1 O-O-O 19. Bd3 g6 20. Rb3 Nde5
21. Be2 f6 22. Rf1 Rhe8 23. g4 Nxg4 24. Bxg4 fxg4 25. Rxf6 Na5 26. Rc3 Rf8
27. Bg5 Rxf6 28. Bxf6 Rf8 29. Bh4 Rf5 30. Re3 g5 31. Bg3 Kd7 32. Rd3+ Kc6
33. Ra3 Rxc5 34. Bf2 Rf5 35. Bxa7 Re5 36. Bd4 Rf5 37. c5 Nc4 0-1

[Event "Pohar mesta Ricany 2010 - cena Klidneho mesta"]
[Site "http://www.openricany.cz"]
[Date "2010.08.21"]
[Round "1.38"]
[White "Losan"]
[Black "Miaicko Jan"]
[Result "0-1"]
[WhiteElo "1780"]
[BlackElo "2026"]

1. d4 Nf6 2. c4 e6 3. Nf3 b6 4. Bg5 Bb7 5. Nc3 Be7 6. Bxf6 Bxf6 7. e4 d5
8. cxd5 exd5 9. Qa4+ Bc6 10. Bb5 Bxb5 11. Qxb5+ c6 12. Qe2 dxe4 13. Qxe4+ Qe7
14. O-O O-O 15. Rfe1 Qd6 16. Rad1 Nd7 17. Ne5 Rac8 18. Ng4 h5 19. Nxf6+ Nxf6
20. Qe7 Qc7 21. h3 Rfe8 22. Qxc7 Rxe1+ 23. Rxe1 Rxc7 24. Kf1 Rd7 25. Rd1 Kf8
26. f3 Nd5 27. Nxd5 Rxd5 28. Ke2 Ke7 29. Rd2 Ke6 30. Ke3 Kf5 31. g4+ Kg5
32. gxh5 Kxh5 33. Rc2 Rd6 34. Rc4 g5 35. b4 f5 36. b5 cxb5 37. Rc7 a5 38. Rh7+
Kg6 39. Rb7 Kf6 40. Rc7 Re6+ 41. Kf2 f4 42. d5 Rd6 43. Ke2 b4 44. Rc6 Ke5
45. Rc4 Kxd5 0-1

[Event "Pohar mesta Ricany 2010 - cena Klidneho mesta"]
[Site "http://www.openricany.cz"]
[Date "2010.08.21"]
[Round "1.39"]
[White "Framberk Jan"]
[Black "Hatas Radim"]
[Result "1/2-1/2"]
[WhiteElo "2004"]
[BlackElo "1742"]

1. e4 Nf6 2. d3 d5 3. Nd2 dxe4 4. Nxe4 e6 5. Nf3 b6 6. g3 Bb7 7. Qe2 Bc5 8. Bg2
Ba6 9. c4 Nc6 10. O-O e5 11. Rd1 Ng4 12. Rf1 O-O 13. h3 Nf6 14. a3 Nd4 15. Nxd4
Bxd4 {Dale necitelne!} 1/2-1/2

[Event "Pohar mesta Ricany 2010 - cena Klidneho mesta"]
[Site "http://www.openricany.cz"]
[Date "2010.08.21"]
[Round "1.8"]
[White "Vorackova Jarmila"]
[Black "Umanec Filip"]
[Result "1-0"]
[WhiteElo "1932"]
[BlackElo "2225"]

1. d4 d5 2. c4 e6 3. Nc3 c6 4. Nf3 dxc4 5. e4 b5 6. a4 Bb4 7. Bd2 Bb7 8. axb5
Bxc3 9. Bxc3 cxb5 10. b3 a5 11. d5 Nf6 12. bxc4 exd5 13. Bxf6 Qxf6 14. cxd5 Qb6
15. Qd4 Qxd4 16. Nxd4 b4 17. Bb5+ Kd8 18. Nb3 Kc7 19. Kd2 Kb6 20. Ba4 Rd8
21. Ke3 Nd7 22. Rhc1 f6 23. f4 f5 24. Bc6 a4 25. Rxa4 Rxa4 26. Bxa4 fxe4 27. Rc4
Nf6 28. Rxb4+ Kc7 29. Rc4+ Kd6 30. Rd4 Bxd5 31. h3 Ra8 32. Nd2 Kc5 33. g4 Bb7
34. Rc4+ Kb6 35. Rb4+ Ka6 36. Bb3 Rc8 37. Bc4+ Rxc4 38. Rxc4 Nd5+ 39. Kd4 Kb6
40. Ke5 Ne7 41. Rb4+ Kc7 42. Rxb7+ Kxb7 43. f5 Kc7 44. Ke6 Kd8 45. Kf7 g6 46. f6
Nd5 47. Kg7 Kd7 48. f7 Nf4 49. f8=Q Ne6+ 50. Kg8 Nxf8 51. Kxf8 1-0

[Event "Pohar mesta Ricany 2010 - cena Klidneho mesta"]
[Site "http://www.openricany.cz"]
[Date "2010.08.21"]
[Round "1.20"]
[White "Adamik Frantisek"]
[Black "Skacel Jan"]
[Result "1-0"]
[WhiteElo "1898"]
[BlackElo "2073"]

1. c4 Nf6 2. Nc3 g6 3. e4 d6 4. d4 Bg7 5. Bd3 e5 6. d5 Nbd7 7. Nge2 Nc5 8. O-O
O-O 9. Bc2 a5 10. Ng3 Ne8 11. f4 exf4 12. Bxf4 Qh4 13. Qd2 h6 14. Nh1 Nf6
15. Nf2 Ng4 16. Nxg4 Bxg4 17. h3 Bd7 18. Kh2 Rae8 19. Rae1 Be5 20. Bxe5 Rxe5
21. Rf4 Qe7 22. Ref1 Kg7 23. b3 f6 24. a3 g5 25. R4f2 Be8 26. b4 Nd7 27. Nb5 Nb6
28. Nd4 axb4 29. axb4 Bd7 30. Bd3 Rxd5 31. Nf5+ Rxf5 32. exf5 Qe5+ 33. Kh1 Qd4
34. Qc2 Ba4 35. Qb1 Nd7 36. Ra2 Ne5 37. Rxa4 Nxd3 38. Qc2 Re8 39. c5 Re3
40. cxd6 Qxd6 41. b5 Re7 42. Qc3 Qg3 43. Qd2 Nf4 44. Rd4 Rf7 45. Rd7 Qb3
46. Rxf7+ Qxf7 47. Rd1 c6 48. Qd7 cxb5 49. Qxb5 1-0

[Event "Pohar mesta Ricany 2010 - cena Klidneho mesta"]
[Site "http://www.openricany.cz"]
[Date "2010.08.21"]
[Round "1.30"]
[White "Martinec, Jan"]
[Black "Matejovsky, Ondrej"]
[Result "0-1"]
[WhiteElo "1832"]
[BlackElo "2037"]

1. e4 e5 2. Nc3 Nc6 3. Bc4 Nf6 4. d3 Bb4 5. Bg5 d6 6. Ne2 Be6 7. O-O h6 8. Bd2
O-O 9. a3 Bc5 10. Be3 Bxe3 11. fxe3 Bxc4 12. dxc4 Qd7 13. Qd3 Nh7 14. Ng3 Rae8
15. Rf2 Re6 16. Nd5 Ne7 17. Nf5 Nxd5 18. exd5 Rf6 19. Raf1 h5 20. e4 g6 21. Qg3
Kh8 22. Ne3 Rxf2 23. Rxf2 Qe7 24. Nf1 Qg5 25. Qxg5 Nxg5 26. Nd2 f5 27. Re2 Nxe4
28. Nxe4 fxe4 29. Rxe4 Rf4 30. Rxf4 exf4 31. Kf2 Kg7 32. Kf3 g5 33. h4 Kf6
34. hxg5+ Kxg5 35. b3 Kf5 36. c3 Ke5 37. b4 b6 38. b5 Kf5 39. a4 Ke5 40. Ke2 Ke4
41. Kf2 h4 42. Ke2 f3+ 43. gxf3+ Kf4 44. Kf2 h3 45. Kg1 Kxf3 46. Kh2 Kg4 47. Kh1
Kg3 48. Kg1 h2+ 49. Kh1 Kh3 50. c5 bxc5 51. a5 Kg3 52. a6 Kf3 0-1

[Event "Pohar mesta Ricany 2010 - cena Klidneho mesta"]
[Site "http://www.openricany.cz"]
[Date "2010.08.21"]
[Round "1.18"]
[White "Skokan Frantisek"]
[Black "Balacek Tadeas"]
[Result "0-1"]
[WhiteElo "1903"]
[BlackElo "2098"]

1. e4 e6 2. d4 d5 3. Nc3 Nc6 4. e5 Nge7 5. Bg5 h6 6. Bxe7 Qxe7 7. a3 g5 8. Bb5
Bd7 9. Nge2 f6 10. f4 O-O-O 11. Qd3 Bg7 12. O-O-O gxf4 13. exf6 Bxf6 14. Kb1
Rhg8 15. Rhe1 Qd6 16. Qf3 Bg5 17. Nc1 Ne7 18. Nd3 c6 19. Ba4 Nf5 20. Ne5 Be8
21. Qe2 Ne3 22. Rd3 Bg6 23. Rxe3 fxe3 24. Bxc6 Kb8 25. Qb5 Rg7 26. Na4 Ka8
27. Ka2 Bf6 28. Nc5 bxc6 29. Nxc6 Be8 0-1

[Event "Pohar mesta Ricany 2010 - cena Klidneho mesta"]
[Site "http://www.openricany.cz"]
[Date "2010.08.21"]
[Round "1.43"]
[White "Fiala Jan"]
[Black "Ruzicka Vaclav st."]
[Result "1-0"]
[WhiteElo "1984"]
[BlackElo "1682"]

1. Nf3 f5 2. c4 Nf6 3. Nc3 g6 4. g3 Bg7 5. Bg2 O-O 6. O-O d6 7. d4 Nbd7 8. e4
Nxe4 9. Nxe4 fxe4 10. Ng5 Nf6 11. Nxe4 Nxe4 12. Bxe4 c6 13. Bg5 Qc7 14. Qd2 e5
15. d5 Bf5 16. Rfe1 Bxe4 17. Rxe4 Rf3 18. Rd1 c5 19. Kg2 Raf8 20. Bf4 exf4
21. Kxf3 fxg3+ 22. Kxg3 Qf7 23. Qe2 Be5+ 24. Kg2 Qf6 25. Rd3 Qg5+ 26. Rg4 Qh5
27. Rh3 Rxf2+ 28. Kxf2 Qxh3 29. Rg2 Qh4+ 30. Kg1 Qf6 31. Kh1 Qe7 32. Rg4 a5
33. h4 Qf6 34. b3 b6 35. Kg2 Qf5 36. Qe4 Qf6 37. Qf3 Qe7 38. h5 g5 39. h6 Kh8
40. Qf5 Bf6 41. Re4 Qd8 42. Qxf6+ 1-0

[Event "Pohar mesta Ricany 2010 - cena Klidneho mesta"]
[Site "http://www.openricany.cz"]
[Date "2010.08.21"]
[Round "1.34"]
[White "Krejci Martin"]
[Black "Koper Stefan"]
[Result "1/2-1/2"]
[WhiteElo "1804"]
[BlackElo "2020"]

1. e4 g6 2. d4 Bg7 3. Nc3 e6 4. Be3 d5 5. e5 Ne7 6. Bd3 b6 7. f4 Ba6 8. Nf3
Bxd3 9. Qxd3 Nf5 10. Bf2 h5 11. Ng5 Bh6 12. h4 Bf8 13. Ne2 Nc6 14. a3 a6 15. b4
Qd7 16. O-O Nce7 17. Rab1 b5 18. Nc1 Nc8 19. Nb3 Nb6 20. Na5 Be7 21. Rfe1 Kf8
22. c3 Kg7 23. Ra1 Ra7 24. Nb3 Nc4 25. Nc5 Bxc5 26. dxc5 c6 27. a4 Nb2 28. Qc2
Nxa4 29. Rad1 Qc8 30. Nf3 a5 31. Nd4 Nxd4 32. Bxd4 axb4 33. cxb4 Qd8 34. Qf2
{Dale necitelne} 1/2-1/2

[Event "Pohar mesta Ricany 2010 - cena Klidneho mesta"]
[Site "http://www.openricany.cz"]
[Date "2010.08.21"]
[Round "1.41"]
[White "Prochazka Petr"]
[Black "Sedivy Ondrej"]
[Result "1-0"]
[WhiteElo "1987"]
[BlackElo "1717"]

1. e4 e6 2. d4 d5 3. e5 c5 4. Nf3 Nc6 5. Bd3 Bd7 6. O-O cxd4 7. Bf4 Bc5 8. Nbd2
Rc8 9. Nb3 Bb6 10. a3 Nge7 11. Re1 Ng6 12. Bg3 O-O 13. h4 h6 14. h5 Nge7 15. Bh4
Qe8 16. Nh2 Na5 17. Qg4 Kh8 18. Nxd4 Nc4 19. Rab1 Nd2 20. Rec1 Nc4 21. Bf6 Rg8
22. Qf4 1-0

[Event "Pohar mesta Ricany 2010 - cena Klidneho mesta"]
[Site "http://www.openricany.cz"]
[Date "2010.08.21"]
[Round "1.5"]
[White "Haba Zdenek"]
[Black "Kaiser Rudolf"]
[Result "1-0"]
[WhiteElo "2252"]
[BlackElo "1941"]

1. d4 e5 2. dxe5 Nc6 3. Nf3 Qe7 4. Qd5 g5 5. Nxg5 Nxe5 6. Nc3 c6 7. Qb3 d5
8. f4 h6 9. fxe5 hxg5 10. Bd2 Bg7 11. O-O-O Bxe5 12. e4 d4 13. Ne2 Bg4 14. Qa4
f6 15. h3 b5 16. Qa6 Qd7 17. Rg1 Be6 18. Be3 Qc7 19. Nxd4 Bxd4 20. Rxd4 Ne7
21. Be2 O-O 22. Rgd1 Ng6 23. R4d2 Ne5 24. Bc5 Rfe8 25. Bh5 Rec8 26. Rd6 Bf7
27. Bxf7+ Qxf7 28. Bd4 Nd7 29. Rxc6 Rxc6 30. Qxc6 Re8 31. b3 Ne5 32. Qd5 Re6
33. Bxe5 Rxe5 34. Qxf7+ Kxf7 35. Rd7+ Kg6 36. Rxa7 Rxe4 37. Kd2 Rf4 38. Ke3 Rf5
39. Rc7 Re5+ 40. Kf2 b4 41. Rc4 Ra5 42. Rxb4 Rxa2 43. Rc4 Rb2 44. Rc5 f5 45. Kf3
Rb1 46. Rc6+ Kf7 47. Rb6 Rc1 48. Rc6 Rb1 49. Kf2 Rb2 50. g3 Kg7 51. h4 gxh4
52. gxh4 Rb1 53. h5 Rh1 54. h6+ Kh7 55. b4 Rh4 56. b5 Rb4 57. c4 Rb3 58. b6 f4
59. c5 Rb1 60. Rf6 Rb5 61. Rxf4 Rxc5 62. Rb4 Rc8 63. b7 Rb8 64. Rb6 1-0

[Event "Pohar mesta Ricany 2010 - cena Klidneho mesta"]
[Site "http://www.openricany.cz"]
[Date "2010.08.21"]
[Round "1.46"]
[White "Kubesa David"]
[Black "Lacha Jan"]
[Result "0-1"]
[WhiteElo "1534"]
[BlackElo "1968"]

1. d4 e6 2. Nf3 f5 3. Bg5 Be7 4. Qd2 Nf6 5. Nc3 O-O 6. h4 d5 7. Bxf6 Bxf6
8. O-O-O c5 9. Ne5 cxd4 10. Qxd4 Nc6 11. Nxc6 bxc6 12. Qc5 Qb6 13. Qxb6 axb6
14. Rd3 d4 15. Nb1 Rxa2 16. Ra3 Rxa3 17. Nxa3 Ba6 18. g3 e5 19. e4 Bxf1 20. Rxf1
fxe4 21. Re1 b5 22. Rxe4 Rb8 23. c3 dxc3 24. bxc3 Kf7 25. Nc2 c5 26. Ne3 Ra8
27. Ng4 Ke6 28. Kb2 Kf5 29. Nxf6 gxf6 30. f3 Rd8 31. Kc2 Ra8 32. Kb2 Ra4
33. Rxa4 bxa4 34. Ka3 e4 35. fxe4+ Kxe4 36. Kxa4 f5 37. Kb5 Kf3 38. Kxc5 Kxg3
39. Kb6 f4 40. c4 f3 41. c5 f2 42. c6 f1=Q 43. c7 Qb1+ 44. Ka7 Qc2 45. Kb7 Qxc7+
46. Kxc7 Kxh4 47. Kd6 h5 48. Ke5 Kg3 0-1

[Event "Pohar mesta Ricany 2010 - cena Klidneho mesta"]
[Site "http://www.openricany.cz"]
[Date "2010.08.21"]
[Round "1.21"]
[White "Postupa Pavel st."]
[Black "Hlina Milos"]
[Result "1-0"]
[WhiteElo "2072"]
[BlackElo "1892"]

1. e4 e6 2. d4 d5 3. Nc3 Nf6 4. e5 Nfd7 5. Nce2 c5 6. c3 Nc6 7. f4 g6 8. Nf3 b6
9. Be3 Bb7 10. Nc1 Bg7 11. Bb5 Qc7 12. Nd3 Bf8 13. O-O a6 14. Ba4 c4 15. Nf2 Ne7
16. Ng4 b5 17. Bc2 Nf5 18. Bf2 Be7 19. Bxf5 gxf5 20. Nh6 Nf8 21. Ng5 Bxg5
22. fxg5 Qe7 23. h4 O-O-O 24. g4 fxg4 25. Bg3 Qe8 26. Rxf7 Rd7 27. Rf6 Kc7
28. Qxg4 Bc8 29. Raf1 Rg7 30. Nf7 Rhg8 31. Nd6 Qd8 32. a4 Bd7 33. Rf7 Qb8
34. axb5 axb5 35. Ra1 Rxf7 36. Nxf7 b4 37. Qf3 bxc3 38. Qxc3 Ng6 39. Qa3 Qb6
40. Qd6+ Qxd6 41. exd6+ Kb7 42. h5 Nf8 43. Be5 Be8 44. Nd8+ Kb6 45. g6 hxg6
46. h6 Bd7 47. Ra8 Nh7 48. Rb8+ 1-0

[Event "Pohar mesta Ricany 2010 - cena Klidneho mesta"]
[Site "http://www.openricany.cz"]
[Date "2010.08.21"]
[Round "1.35"]
[White "Postupa Martin"]
[Black "Hampel Rudolf"]
[Result "0-1"]
[WhiteElo "2018"]
[BlackElo "1800"]

1. e4 c5 2. Nc3 Nc6 3. g3 e6 4. Bg2 g6 5. d3 Bg7 6. Be3 d6 7. Nh3 Nge7 8. Qd2
O-O 9. O-O a6 10. Bh6 Bd7 11. Bxg7 Kxg7 12. f4 Qc7 13. g4 f5 14. exf5 exf5
15. g5 Rae8 16. Rae1 Nd4 17. Re3 Bc6 18. Rfe1 Bxg2 19. Qxg2 Qd7 20. b3 b5
21. Kf1 Nec6 22. Nd5 Rxe3 23. Rxe3 b4 24. Nf6 Qf7 25. Ng1 a5 26. Nf3 a4 27. Nxd4
Nxd4 28. Qf2 axb3 29. axb3 Kh8 30. Qe2 Qe7 31. Qg2 Qa7 32. Qd5 Nxc2 33. Re2 Nd4
34. Qxd6 Ra8 35. Qe5 Qa1+ 36. Re1 Qa7 37. Nd7+ Kg8 38. Qd5+ Kh8 39. Qe5+ Kg8
40. Qd5+ Kh8 41. Nxc5 Nc2 42. Re2 Qa1+ 43. Kg2 Ne3+ 44. Rxe3 Ra2+ 45. Kg3 Qg1+
46. Kf3 Qg2# 0-1

[Event "Pohar mesta Ricany 2010 - cena Klidneho mesta"]
[Site "http://www.openricany.cz"]
[Date "2010.08.21"]
[Round "1.42"]
[White "Cap, Adam"]
[Black "Schmalz, Michal"]
[Result "0-1"]
[WhiteElo "1693"]
[BlackElo "1985"]

1. e4 c5 2. Nf3 d6 3. d4 cxd4 4. Nxd4 Nc6 5. Nc3 g6 6. Be3 Bg7 7. f3 Nf6 8. Qd2
O-O 9. O-O-O d5 10. exd5 Nxd5 11. Nxc6 bxc6 12. Bc4 Bxc3 13. bxc3 Qa5 14. Bxd5
Qa3+ 15. Kb1 cxd5 16. Bf4 Be6 17. Qd4 Rab8+ 18. Bxb8 Rxb8+ 19. Qb4 Rxb4+
20. cxb4 Qxb4+ 0-1